书目信息 |
| 题名: |
第七届世界华人交通运输学术大会论文集
|
|
| 作者: | ;同济大学 , 中国旅美交通协会 , 上海市公路学会 编 | |
| 分册: | ||
| 出版信息: | 北京 人民交通出版社 2007.05 |
|
| 页数: | 693页 | |
| 开本: | 29cm | |
| 丛书名: | ||
| 单 册: | ||
| 中图分类: | U-53 | |
| 科图分类: | ||
| 主题词: | 交通运输--jiao tong yun shu--文集 | |
| 电子资源: | ||
| ISBN: | 978-7-114-06508-8 | |
| 000 | 01306nam0 2200277 450 | |
| 001 | 012007716021 | |
| 005 | 20071109101358.21 | |
| 010 | @a978-7-114-06508-8@dCNY100.00 | |
| 100 | @a20071109d2007 km y0chiy0120 ea | |
| 101 | 0 | @achi |
| 102 | @aCN@b110000 | |
| 105 | @aa a 000yy | |
| 106 | @ar | |
| 200 | 1 | @a第七届世界华人交通运输学术大会论文集@Adi qi jie shi jie hua ren jiao tong yun shu xue shu da hui lun wen ji@d= Proceeding of the 7th international conference of Chinese transportation professionals@f同济大学, 中国旅美交通协会, 上海市公路学会编@Ftong ji da xue,zhong guo lu mei jiao tong xie hui,shang hai shi gong lu xue hui bian@zeng |
| 210 | @a北京@c人民交通出版社@d2007.05 | |
| 215 | @a693页@c图@d29cm | |
| 320 | @a有书目。 | |
| 330 | @a本书为第七届世界华人交通运输学术大会的会议论文集。论文涉及交通基础设施建设、交通运输规划和交通运营管理三大主题及其他相关内容。 | |
| 510 | 1 | @aProceeding of the 7th international conference of Chinese transportation professionals@zeng |
| 606 | 0 | @a交通运输@Ajiao tong yun shu@j文集 |
| 690 | @aU-53@v4 | |
| 711 | 02 | @a同济大学@Atong ji da xue@4编 |
| 711 | 02 | @a中国旅美交通协会@Azhong guo lu mei jiao tong xie hui@4编 |
| 711 | 02 | @a上海市公路学会@Ashang hai shi gong lu xue hui@4编 |
| 801 | 0 | @aCN@b@c20071109 |
| 905 | @b267520@dU-53@eT819@f1 | |
| 第七届世界华人交通运输学术大会论文集= Proceeding of the 7th international conference of Chinese transportation professionals/同济大学, 中国旅美交通协会, 上海市公路学会编.-北京:人民交通出版社,2007.05 |
| 693页:图;29cm |
| ISBN 978-7-114-06508-8:CNY100.00 |
| 本书为第七届世界华人交通运输学术大会的会议论文集。论文涉及交通基础设施建设、交通运输规划和交通运营管理三大主题及其他相关内容。 |
| ● |
| 相关链接 |
|
|
|
正题名:第七届世界华人交通运输学术大会论文集
索取号:U-53/T819
 
预约/预借
| 序号 | 登录号 | 条形码 | 馆藏地/架位号 | 状态 | 备注 |
| 1 | 267520 | 202675202 | 自科库501/501自科库 48排7列5层/ [索取号:U-53/T819] | 在馆 |